Handbook of public administration / (Record no. 7835)
[ view plain ]
| 000 -LEADER | |
|---|---|
| fixed length control field | 01122nac a22003015a 4500 |
| 008 - FIXED-LENGTH DATA ELEMENTS--GENERAL INFORMATION | |
| fixed length control field | 080908r20052003enka f b 001 0 eng d |
| 010 ## - LIBRARY OF CONGRESS CONTROL NUMBER | |
| LC control number | 2002109398 |
| 020 ## - INTERNATIONAL STANDARD BOOK NUMBER | |
| International Standard Book Number | 0761972242 |
| 020 ## - INTERNATIONAL STANDARD BOOK NUMBER | |
| International Standard Book Number | 9780761972242 |
| 035 ## - SYSTEM CONTROL NUMBER | |
| System control number | (OCoLC)ocm51993933 |
| 040 ## - CATALOGING SOURCE | |
| Original cataloging agency | EG-ScBUE |
| Language of cataloging | eng |
| Modifying agency | EG-ScBUE |
| 082 04 - DEWEY DECIMAL CLASSIFICATION NUMBER | |
| Classification number | 351 |
| Item number | HAN |
| Edition number | 22 |
| 245 00 - TITLE STATEMENT | |
| Title | Handbook of public administration / |
| Statement of responsibility, etc | edited by B. Guy Peters & Jon Pierre. |
| 246 30 - VARYING FORM OF TITLE | |
| Title proper/short title | Public administration. |
| 260 ## - PUBLICATION, DISTRIBUTION, ETC. (IMPRINT) | |
| Place of publication, distribution, etc | London ; |
| -- | Thousand Oaks, California : |
| Name of publisher, distributor, etc | Sage Publications, |
| Date of publication, distribution, etc | 2005. |
| 300 ## - PHYSICAL DESCRIPTION | |
| Extent | xiv, 640 p. : |
| Other physical details | ill. ; |
| Dimensions | 26 cm. |
| 500 ## - GENERAL NOTE | |
| General note | Index : p. 629-640. |
| 504 ## - BIBLIOGRAPHY, ETC. NOTE | |
| Bibliography, etc | Includes bibliographical references. |
| 590 ## - LOCAL NOTE (RLIN) | |
| Local note | Catalogued by: Mostafa El-Helaly |
| 650 #0 - SUBJECT ADDED ENTRY--TOPICAL TERM | |
| Topical term or geographic name as entry element | Public administration |
| Source of heading or term | BUEsh |
| 651 ## - SUBJECT ADDED ENTRY--GEOGRAPHIC NAME | |
| Source of heading or term | BUEsh |
| 653 ## - INDEX TERM--UNCONTROLLED | |
| Arrived date list | August2015 |
| Resource For college | BAEPS, Business Administration |
| 700 1# - ADDED ENTRY--PERSONAL NAME | |
| Personal name | Peters, B. Guy, |
| 9 (RLIN) | 1053 |
| Relator term | editor. |
| 700 1# - ADDED ENTRY--PERSONAL NAME | |
| Personal name | Pierre, Jon, |
| Relator term | editor. |
| 856 42 - ELECTRONIC LOCATION AND ACCESS | |
| Materials specified | Publisher description |
| Uniform Resource Identifier | <a href="http://www.loc.gov/catdir/enhancements/fy0657/2002109398-d.html">http://www.loc.gov/catdir/enhancements/fy0657/2002109398-d.html</a> |
| 856 42 - ELECTRONIC LOCATION AND ACCESS | |
| Materials specified | Table of contents only |
| Uniform Resource Identifier | <a href="http://www.loc.gov/catdir/enhancements/fy0657/2002109398-t.html">http://www.loc.gov/catdir/enhancements/fy0657/2002109398-t.html</a> |
| 942 ## - ADDED ENTRY ELEMENTS (KOHA) | |
| Item type | Book - Borrowing |
| Call number prefix | 351 PET |
| Source of classification or shelving scheme | Dewey Decimal Classification |
| Withdrawn status | Item status | Source of classification or shelving scheme | Damaged status | Not for loan | Vendor | Home library | Current library | Shelving location | Date acquired | Source of acquisition | Total Checkouts | Full call number | Barcode | Date last seen | Koha item type | Total Renewals | Date last borrowed |
|---|---|---|---|---|---|---|---|---|---|---|---|---|---|---|---|---|---|
| Dewey Decimal Classification | Baccah | Central Library | Central Library | First floor | 07/02/2008 | Purchase | 2 | 351 HAN | 000009692 | 15/07/2025 | Book - Borrowing | ||||||
| Dewey Decimal Classification | Baccah | Central Library | Central Library | First floor | 07/02/2008 | Purchase | 1 | 351 HAN | 000009691 | 15/07/2025 | Book - Borrowing | ||||||
| Dewey Decimal Classification | Baccah | Central Library | Central Library | First floor | 07/02/2008 | Purchase | 4 | 351 HAN | 000009690 | 15/07/2025 | Book - Borrowing | 4 | 09/12/2009 | ||||
| Dewey Decimal Classification | Baccah | Central Library | Central Library | First floor | 07/02/2008 | Purchase | 5 | 351 HAN | 000009446 | 15/07/2025 | Book - Borrowing | 4 | 30/11/2010 | ||||
| Dewey Decimal Classification | Baccah | Central Library | Central Library | First floor | 07/02/2008 | Purchase | 351 HAN | 000009445 | 15/07/2025 | NB - Book (Non borrowing) | |||||||
| Dewey Decimal Classification | Baccah | Central Library | Central Library | First floor | 07/02/2008 | Purchase | 1 | 351 HAN | 000012216 | 15/07/2025 | Book - Borrowing | 01/10/2015 | |||||
| Dewey Decimal Classification | Baccah | Central Library | Central Library | First floor | 07/02/2008 | Purchase | 1 | 351 HAN | 000012217 | 15/07/2025 | Book - Borrowing | 2 | 24/10/2012 | ||||
| Dewey Decimal Classification | Baccah | Central Library | Central Library | First floor | 07/02/2008 | Purchase | 3 | 351 HAN | 000012218 | 15/07/2025 | Book - Borrowing | 4 | 29/11/2016 | ||||
| Dewey Decimal Classification | Baccah | Central Library | Central Library | First floor | 07/02/2008 | Purchase | 6 | 351 HAN | 000012219 | 15/07/2025 | Book - Borrowing | 11 | 26/10/2011 | ||||
| Dewey Decimal Classification | Baccah | Central Library | Central Library | First floor | 08/09/2008 | Purchase | 3 | 351 HAN | 000013511 | 15/07/2025 | Book - Borrowing | 1 | 02/12/2010 |